| 000 -LEADER |
| fixed length control field |
00823nam a22002177a 4500 |
| 005 - DATE AND TIME OF LATEST TRANSACTION |
| control field |
20240524153513.0 |
| 008 - FIXED-LENGTH DATA ELEMENTS--GENERAL INFORMATION |
| fixed length control field |
240524s2007 enk||||| |||| 00| 0 eng d |
| 020 ## - INTERNATIONAL STANDARD BOOK NUMBER |
| International Standard Book Number |
9780443069307x |
| 041 ## - LANGUAGE CODE |
| Language code of text/sound track or separate title |
eng |
| 080 ## - UNIVERSAL DECIMAL CLASSIFICATION NUMBER |
| Universal Decimal Classification number |
618 G-11 |
| 100 ## - MAIN ENTRY--PERSONAL NAME |
| Personal name |
Gabbe, Steven G. |
| 9 (RLIN) |
22177 |
| 245 ## - TITLE STATEMENT |
| Title |
Obstetrics: |
| Remainder of title |
Normal and Problem Pregnancies / |
| Statement of responsibility, etc. |
Steven G. Gabbe, Jennifer R. Niebyl, Joe Leigh Simpson. |
| 250 ## - EDITION STATEMENT |
| Edition statement |
5 edition |
| 264 ## - PRODUCTION, PUBLICATION, DISTRIBUTION, MANUFACTURE, AND COPYRIGHT NOTICE |
| Place of production, publication, distribution, manufacture |
Philadelphia : |
| Name of producer, publisher, distributor, manufacturer |
Churchill Livingstone, |
| Date of production, publication, distribution, manufacture, or copyright notice |
2007. |
| 300 ## - PHYSICAL DESCRIPTION |
| Extent |
1391 p.: |
| Other physical details |
ill.; |
| Dimensions |
29 cm. |
| 653 ## - INDEX TERM--UNCONTROLLED |
| keyword |
მეანობა: ნორმალური და პრობლემური ორსულობა |
| 653 ## - INDEX TERM--UNCONTROLLED |
| keyword |
მედიცინა |
| 700 ## - ADDED ENTRY--PERSONAL NAME |
| Personal name |
Niebyl, Jennifer R. |
| Relator term |
ავტორი |
| 9 (RLIN) |
22178 |
| 700 ## - ADDED ENTRY--PERSONAL NAME |
| Personal name |
Simpson, Joe Leigh |
| Relator term |
ავტორი |
| 9 (RLIN) |
22179 |
| 942 ## - ADDED ENTRY ELEMENTS (KOHA) |
| Source of classification or shelving scheme |
|
| Koha item type |
წიგნი |